[Event "XXXI Torre Memorial 2019"]
[Site "Merida"]
[Date "2019.12.14"]
[Round "2.4"]
[White "Almeida Quintana, Omar"]
[Black "Perez Leiva, Jerzy Jesus"]
[Result "1-0"]
[WhiteElo "2554"]
[BlackElo "2373"]
[Annotator "ChessBase"]
[PlyCount "63"]
[EventDate "2019.12.13"]
[EventType "swiss"]
[EventCountry "MEX"]
[SourceTitle "playchess.com"]
[Source "ChessBase"]
[SourceQuality "1"]
[TimeControl "5400+30"]

1. d4 {[%emt 0:00:00]} Nf6 {[%emt 0:00:00]} 2. c4 {[%emt 0:00:00]} e6 {[%emt 0:00:00]} 3. Nf3 {[%emt 0:00:10]} Bb4+ {[%emt 0:00:01]} 4. Nbd2 {[%emt 0:00:10]} O-O {[%emt 0:00:18]} 5. a3 {[%emt 0:00:07]} Be7 {[%emt 0:00:05]} 6. e3 {[%emt 0:01:01]} b6 {[%emt 0:02:07]} 7. Bd3 {[%emt 0:00:07]} Bb7 {[%emt 0:00:04]} 8. O-O {[%emt 0:00:14]} c5 {[%emt 0:00:23]} 9. b3 {[%emt 0:00:14]} d5 {[%emt 0:00:38]} 10. Bb2 {[%emt 0:00:10]} Nc6 {[%emt 0:00:45]} 11. Qe2 {[%emt 0:03:34]} dxc4 {[%emt 0:04:28]} 12. bxc4 {[%emt 0:00:37]} Qc7 {[%emt 0:00:19]} 13. Rac1 {[%emt 0:05:45]} Rfd8 {[%emt 0:01:14]} 14. Rfd1 {[%emt 0:02:12]} Rac8 {[%emt 0:08:02]} 15. Nb3 {[%emt 0:00:31]} Na5 {[%emt 0:12:35]} 16. Nxa5 {[%emt 0:01:06]} bxa5 {[%emt 0:00:02]} 17. Ne5 {[%emt 0:00:52]} Bd6 {[%emt 0:02:22]} 18. f4 {[%emt 0:03:57]} Qe7 {[%emt 0:05:12]} 19. Rb1 {[%emt 0:08:56]} Ne4 {[%emt 0:05:44]} 20. Qc2 {[%emt 0:11:35]} f5 {[%emt 0:00:08]} 21. d5 {[%emt 0:05:02]} exd5 {[%emt 0:22:43]} 22. cxd5 {[%emt 0:00:17]} Bxe5 {[%emt 0:06:59]} 23. Bxe5 {[%emt 0:00:20]} c4 {[%emt 0:00:30]} 24. Bxe4 {[%emt 0:07:37]} fxe4 {[%emt 0:00:05]} 25. d6 {[%emt 0:00:13]} Qd7 {[%emt 0:05:02]} 26. Qc3 {[%emt 0:00:12]} Ba6 {[%emt 0:02:27]} 27. Qxa5 {[%emt 0:00:51]} c3 {[%emt 0:00:35]} 28. Bxc3 {[%emt 0:01:01]} Be2 {[%emt 0:03:26]} 29. Rd2 {[%emt 0:05:50]} Bc4 {[%emt 0:08:28]} 30. h3 {[%emt 0:00:22]} Rc6 {[%emt 0:00:55]} 31. Rb7 {[%emt 0:00:33]} Qxb7 {[%emt 0:00:42]} 32. Qxd8+ {[%emt 0:00:10]} 1-0

[Event "XXXI Torre Memorial 2019"]
[Site "Merida"]
[Date "2019.12.14"]
[Round "2.5"]
[White "Ortiz Suarez, Isan Reynaldo"]
[Black "Coto Mederos, Michel"]
[Result "1-0"]
[WhiteElo "2549"]
[BlackElo "2352"]
[Annotator "ChessBase"]
[PlyCount "67"]
[EventDate "2019.12.13"]
[EventType "swiss"]
[EventCountry "MEX"]
[SourceTitle "playchess.com"]
[Source "ChessBase"]
[SourceQuality "1"]
[TimeControl "5400+30"]

1. e4 e5 2. Nf3 Nf6 3. Nxe5 d6 4. Nc4 Nxe4 5. Qe2 Qe7 6. Ne3 Be6 7. g3 Nc6 8. Bg2 d5 9. Nc3 Nxc3 10. bxc3 O-O-O 11. Rb1 a6 12. O-O Qd7 13. Rd1 Bc5 14. d4 Ba7 15. c4 Nxd4 16. Qf1 Qa4 17. cxd5 Bd7 18. Bb2 f6 19. Qd3 Nb5 20. c4 Nd6 21. Bd4 Bxd4 22. Qxd4 Kb8 23. c5 Qxd4 24. Rxd4 Nb5 25. Rdb4 Bc8 26. a4 Na7 27. Nc4 Rhe8 28. Na5 b6 29. d6 b5 30. axb5 axb5 31. Rxb5+ Nxb5 32. Rxb5+ Ka7 33. Nc6+ Ka6 34. Ra5+ 1-0

[Event "XXXI Torre Memorial 2019"]
[Site "Merida"]
[Date "2019.12.14"]
[Round "2.6"]
[White "Drazic, Sinisa"]
[Black "Gonzalez Zamora, Juan Carlos"]
[Result "1/2-1/2"]
[WhiteElo "2371"]
[BlackElo "2535"]
[Annotator "ChessBase"]
[PlyCount "199"]
[EventDate "2019.12.13"]
[EventType "swiss"]
[EventCountry "MEX"]
[SourceTitle "playchess.com"]
[Source "ChessBase"]
[SourceQuality "1"]
[TimeControl "5400+30"]

1. d4 {[%emt 0:00:00]} Nf6 {[%emt 0:03:05]} 2. Bg5 {[%emt 0:00:00]} Ne4 {[%emt 0:00:35]} 3. Bf4 {[%emt 0:00:00]} d5 {[%emt 0:00:08]} 4. Nd2 {[%emt 0:00:03]} Nf6 {[%emt 0:01:18]} 5. e3 {[%emt 0:00:14]} g6 {[%emt 0:00:03]} 6. h3 Bg7 {[%emt 0:00:05]} 7. Ngf3 {[%emt 0:01:58]} O-O {[%emt 0:00:19]} 8. Be2 {[%emt 0:00:03]} c5 {[%emt 0:00:10]} 9. c3 {[%emt 0:00:10]} Nfd7 {[%emt 0:01:12]} 10. O-O {[%emt 0:00:21]} Nc6 {[%emt 0:00:02]} 11. Qb3 {[%emt 0:05:36]} e6 {[%emt 0:06:14]} 12. Bd6 {[%emt 0:01:09]} c4 {[%emt 0:00:12]} 13. Qc2 {[%emt 0:00:14]} Re8 {[%emt 0:00:00]} 14. b3 {[%emt 0:02:47]} cxb3 {[%emt 0:03:24]} 15. axb3 {[%emt 0:00:09]} b6 {[%emt 0:13:26]} 16. b4 {[%emt 0:09:41]} Bb7 {[%emt 0:00:11]} 17. b5 {[%emt 0:00:46]} Ne7 {[%emt 0:08:34]} 18. Ra4 {[%emt 0:01:09]} Nc8 {[%emt 0:03:34]} 19. Bg3 {[%emt 0:00:38]} e5 {[%emt 0:01:53]} 20. Nxe5 {[%emt 0:06:58]} Nxe5 {[%emt 0:00:21]} 21. Bxe5 {[%emt 0:00:03]} Bxe5 {[%emt 0:00:14]} 22. dxe5 {[%emt 0:00:02]} Rxe5 {[%emt 0:00:17]} 23. Nf3 {[%emt 0:00:03]} Re7 {[%emt 0:00:11]} 24. Rfa1 {[%emt 0:00:07]} Rc7 {[%emt 0:00:50]} 25. Nd4 {[%emt 0:00:13]} Qe7 {[%emt 0:04:45]} 26. Bg4 {[%emt 0:10:15]} Nd6 {[%emt 0:06:09]} 27. Rxa7 {[%emt 0:08:25]} Rxa7 {[%emt 0:00:18]} 28. Rxa7 {[%emt 0:00:02]} Ne4 {[%emt 0:01:16]} 29. Bf3 {[%emt 0:00:59]} Rxc3 {[%emt 0:01:23]} 30. Qb2 {[%emt 0:02:15]} Rc7 {[%emt 0:04:28]} 31. Bxe4 {[%emt 0:00:33]} dxe4 {[%emt 0:00:13]} 32. Qa3 {[%emt 0:13:46]} Qxa3 {[%emt 0:00:41]} 33. Rxa3 {[%emt 0:00:01]} Kf8 {[%emt 0:00:10]} 34. g4 {[%emt 0:00:14]} Ke7 {[%emt 0:06:44]} 35. Kg2 {[%emt 0:00:02]} Kd6 {[%emt 0:01:21]} 36. Kg3 {[%emt 0:00:07]} Bd5 {[%emt 0:00:12]} 37. Kf4 {[%emt 0:00:23]} f6 {[%emt 0:00:11]} 38. h4 {[%emt 0:00:57]} Rf7 {[%emt 0:05:27]} 39. Ra1 {[%emt 0:01:14]} Rc7 {[%emt 0:03:26]} 40. Rd1 {[%emt 0:01:53]} Rc5 {[%emt 0:00:45]} 41. g5 {[%emt 0:02:17]} fxg5+ {[%emt 0:00:17]} 42. hxg5 {[%emt 0:00:06]} Rc7 {[%emt 0:00:18]} 43. Rh1 {[%emt 0:01:17]} Rf7+ {[%emt 0:00:06]} 44. Kg3 {[%emt 0:00:02]} Bc4 {[%emt 0:02:23]} 45. Rh4 {[%emt 0:06:09]} Kd5 {[%emt 0:03:07]} 46. Kg2 {[%emt 0:03:05]} Bd3 {[%emt 0:00:36]} 47. Rh1 {[%emt 0:00:04]} Rc7 {[%emt 0:03:44]} 48. Kg3 {[%emt 0:00:28]} Kd6 {[%emt 0:00:28]} 49. Ra1 {[%emt 0:02:21]} Rc5 {[%emt 0:01:15]} 50. Kf4 {[%emt 0:00:11]} Rc7 {[%emt 0:01:55]} 51. Ra8 {[%emt 0:00:56]} Rf7+ {[%emt 0:01:13]} 52. Kg3 {[%emt 0:00:01]} Kc5 {[%emt 0:01:25]} 53. Re8 {[%emt 0:01:21]} Rd7 {[%emt 0:03:53]} 54. Rc8+ {[%emt 0:01:26]} Kb4 {[%emt 0:01:51]} 55. Rb8 {[%emt 0:05:10]} Kc5 {[%emt 0:00:23]} 56. Re8 {[%emt 0:00:11]} Kb4 {[%emt 0:02:52]} 57. Re6 {[%emt 0:01:31]} Rb7 {[%emt 0:00:18]} 58. Re5 {[%emt 0:00:24]} Rf7 {[%emt 0:01:24]} 59. Re6 {[%emt 0:01:19]} Rb7 {[%emt 0:00:08]} 60. Kf4 {[%emt 0:01:10]} Bxb5 {[%emt 0:02:21]} 61. Kxe4 {[%emt 0:01:56]} Bc4 {[%emt 0:00:20]} 62. Rc6 {[%emt 0:02:33]} b5 {[%emt 0:02:11]} 63. Ke5 {[%emt 0:02:21]} Kc3 {[%emt 0:00:38]} 64. f4 {[%emt 0:05:38]} Kd3 {[%emt 0:00:27]} 65. f5 {[%emt 0:01:12]} Re7+ {[%emt 0:01:59]} 66. Kf6 {[%emt 0:00:21]} Rxe3 {[%emt 0:01:43]} 67. fxg6 {[%emt 0:00:15]} hxg6 {[%emt 0:00:01]} 68. Rd6 {[%emt 0:00:08]} Kc3 {[%emt 0:00:50]} 69. Nxb5+ {[%emt 0:00:28]} Bxb5 {[%emt 0:00:08]} 70. Kxg6 {[%emt 0:00:03]} Kc4 {[%emt 0:00:49]} 71. Kf6 {[%emt 0:01:28]} Kc5 {[%emt 0:00:26]} 72. Re6 {[%emt 0:00:24]} Rf3+ {[%emt 0:00:15]} 73. Ke7 {[%emt 0:00:03]} Bc4 {[%emt 0:00:51]} 74. g6 {[%emt 0:01:04]} Ra3 {[%emt 0:00:43]} 75. Re1 {[%emt 0:00:33]} Ra7+ {[%emt 0:00:16]} 76. Kf8 {[%emt 0:00:38]} Kd6 {[%emt 0:00:28]} 77. Re4 {[%emt 0:01:17]} Be6 {[%emt 0:00:39]} 78. Re1 {[%emt 0:01:19]} Rb7 {[%emt 0:00:53]} 79. Re2 {[%emt 0:00:11]} Rb8+ {[%emt 0:00:42]} 80. Kg7 {[%emt 0:00:02]} Ke7 {[%emt 0:00:15]} 81. Re1 {[%emt 0:00:20]} Rb2 {[%emt 0:00:36]} 82. Rg1 {[%emt 0:01:35]} Kd6 {[%emt 0:00:36]} 83. Rg5 {[%emt 0:00:24]} Rb8 {[%emt 0:00:27]} 84. Ra5 {[%emt 0:00:13]} Bc4 {[%emt 0:00:38]} 85. Ra4 {[%emt 0:00:19]} Be6 {[%emt 0:00:45]} 86. Ra5 {[%emt 0:00:19]} Rg8+ {[%emt 0:00:18]} 87. Kf6 {[%emt 0:00:03]} Rf8+ {[%emt 0:00:08]} 88. Kg7 {[%emt 0:00:02]} Rf2 {[%emt 0:00:24]} 89. Rb5 {[%emt 0:01:08]} Rg2 {[%emt 0:00:19]} 90. Kf6 {[%emt 0:00:12]} Bc4 {[%emt 0:00:27]} 91. Rg5 {[%emt 0:00:35]} Re2 {[%emt 0:00:20]} 92. Rg4 {[%emt 0:00:23]} Bd5 {[%emt 0:00:58]} 93. Rg5 {[%emt 0:00:23]} Re6+ {[%emt 0:01:01]} 94. Kg7 {[%emt 0:00:03]} Bc4 {[%emt 0:00:49]} 95. Rg4 {[%emt 0:00:09]} Bd5 {[%emt 0:00:37]} 96. Rg5 {[%emt 0:00:15]} Be4 {[%emt 0:00:33]} 97. Kf7 {[%emt 0:00:22]} Re7+ {[%emt 0:00:20]} 98. Kf6 {[%emt 0:00:04]} Re6+ {[%emt 0:00:46]} 99. Kf7 {[%emt 0:00:03]} Re7+ {[%emt 0:00:28]} 100. Kf6 {[%emt 0:00:04] Ke5+} 1/2-1/2

[Event "XXXI Torre Memorial 2019"]
[Site "Merida"]
[Date "2019.12.14"]
[Round "2.7"]
[White "Diaz Rosas, Julio Cesar"]
[Black "Macieja, Bartlomiej"]
[Result "0-1"]
[WhiteElo "2365"]
[BlackElo "2513"]
[Annotator "ChessBase"]
[PlyCount "85"]
[EventDate "2019.12.13"]
[EventType "swiss"]
[EventCountry "MEX"]
[SourceTitle "playchess.com"]
[Source "ChessBase"]
[SourceQuality "1"]
[TimeControl "5400+30"]

1. e4 {[%emt 0:07:36]} c6 {[%emt 0:00:00]} 2. d4 {[%emt 0:00:13]} d5 {[%emt 0:00:00]} 3. e5 {[%emt 0:00:09]} Bf5 {[%emt 0:00:00]} 4. Nf3 {[%emt 0:00:10]} e6 {[%emt 0:00:00]} 5. Be2 {[%emt 0:00:10]} Ne7 {[%emt 0:00:00]} 6. O-O {[%emt 0:00:14]} c5 {[%emt 0:00:30]} 7. Na3 {[%emt 0:00:45]} Nec6 {[%emt 0:15:36]} 8. c4 {[%emt 0:00:13]} Be4 {[%emt 0:32:19]} 9. Nb5 {[%emt 0:33:18]} Be7 {[%emt 0:44:12]} 10. dxc5 {[%emt 0:14:51]} Bxc5 {[%emt 0:00:01]} 11. Ng5 {[%emt 0:08:17]} Na6 {[%emt 0:01:44]} 12. Nd6+ {[%emt 0:00:30]} Bxd6 {[%emt 0:00:02]} 13. exd6 {[%emt 0:00:08]} O-O {[%emt 0:00:34]} 14. a3 {[%emt 0:04:58]} Qf6 {[%emt 0:00:54]} 15. Be3 {[%emt 0:02:28]} Qxb2 {[%emt 0:00:53]} 16. Nxe4 {[%emt 0:04:06]} dxe4 {[%emt 0:00:01]} 17. Rb1 {[%emt 0:05:25]} Qxa3 {[%emt 0:00:02]} 18. Rxb7 {[%emt 0:00:58]} Rab8 {[%emt 0:00:06]} 19. Rxb8 {[%emt 0:00:37]} Ncxb8 {[%emt 0:00:49]} 20. Bxa7 {[%emt 0:02:52]} Nd7 {[%emt 0:00:34]} 21. Qd4 {[%emt 0:02:19]} Nab8 {[%emt 0:01:24]} 22. Ra1 {[%emt 0:00:42]} Qb4 {[%emt 0:00:01]} 23. Qxe4 {[%emt 0:08:35]} Qxd6 {[%emt 0:00:05]} 24. Be3 {[%emt 0:00:44]} Nc5 {[%emt 0:00:40]} 25. Qh4 {[%emt 0:00:56]} Nbd7 {[%emt 0:01:16]} 26. Rd1 {[%emt 0:00:10]} Qb8 {[%emt 0:00:44]} 27. Qe7 {[%emt 0:00:31]} Re8 {[%emt 0:00:08]} 28. Qh4 {[%emt 0:00:52]} h6 {[%emt 0:00:32]} 29. h3 {[%emt 0:00:07]} Qb2 {[%emt 0:00:41]} 30. Bf3 {[%emt 0:00:59]} Qc2 {[%emt 0:00:16]} 31. Qg3 {[%emt 0:00:57]} Ne4 {[%emt 0:00:48]} 32. Qc7 {[%emt 0:00:37]} Ndf6 {[%emt 0:00:04]} 33. Rc1 {[%emt 0:00:30]} Qb2 {[%emt 0:00:33]} 34. Qb6 Qa3 {[%emt 0:00:58]} 35. Qc6 {[%emt 0:00:44]} Nc3 {[%emt 0:00:22]} 36. Qc5 {[%emt 0:00:45]} Qb2 {[%emt 0:00:33]} 37. Kh2 {[%emt 0:00:27]} Qb8+ {[%emt 0:00:34]} 38. g3 {[%emt 0:00:22]} Nce4 {[%emt 0:00:32]} 39. Qb5 {[%emt 0:00:27]} Qc8 {[%emt 0:00:30]} 40. c5 {[%emt 0:00:17]} Ng5 {[%emt 0:00:16]} 41. Bb7 {[%emt 0:00:52]} Qc7 {[%emt 0:00:24]} 42. Qb6 Qe5 43. Bg2 0-1

[Event "XXXI Torre Memorial 2019"]
[Site "Merida"]
[Date "2019.12.14"]
[Round "2.9"]
[White "Fernandez Mayola, Reynold Rafael"]
[Black "Santiago, Yago De Moura"]
[Result "0-1"]
[WhiteElo "2328"]
[BlackElo "2479"]
[Annotator "ChessBase"]
[PlyCount "64"]
[EventDate "2019.12.13"]
[EventType "swiss"]
[EventCountry "MEX"]
[SourceTitle "playchess.com"]
[Source "ChessBase"]
[SourceQuality "1"]
[TimeControl "5400+30"]

1. Nf3 {[%emt 0:00:00]} Nf6 {[%emt 0:00:17]} 2. c4 {[%emt 0:00:00]} c5 {[%emt 0:01:40]} 3. Nc3 {[%emt 0:00:29]} d5 {[%emt 0:00:11]} 4. cxd5 {[%emt 0:00:26]} Nxd5 {[%emt 0:00:08]} 5. d4 {[%emt 0:00:04]} e6 {[%emt 0:08:34]} 6. e4 {[%emt 0:00:23]} Nxc3 {[%emt 0:00:08]} 7. bxc3 {[%emt 0:00:04]} cxd4 {[%emt 0:00:08]} 8. cxd4 {[%emt 0:00:04]} Bb4+ {[%emt 0:00:10]} 9. Bd2 {[%emt 0:00:03]} Bxd2+ {[%emt 0:00:11]} 10. Qxd2 {[%emt 0:00:10]} O-O {[%emt 0:00:21]} 11. Bc4 {[%emt 0:00:40]} Nc6 {[%emt 0:01:42]} 12. O-O {[%emt 0:07:34]} b6 {[%emt 0:01:30]} 13. Rad1 {[%emt 0:15:18]} Na5 {[%emt 0:01:45]} 14. Bd3 {[%emt 0:02:13]} Bb7 {[%emt 0:00:13]} 15. Qf4 {[%emt 0:01:36]} Rc8 {[%emt 0:21:17]} 16. d5 {[%emt 0:00:49]} Qf6 {[%emt 0:01:03]} 17. Qg3 {[%emt 0:08:48]} g6 {[%emt 0:32:32]} 18. Ne5 {[%emt 0:10:32]} Qe7 {[%emt 0:06:11]} 19. Ng4 {[%emt 0:20:55]} exd5 {[%emt 0:01:25]} 20. e5 {[%emt 0:00:06]} Rc7 {[%emt 0:05:05]} 21. Nf6+ {[%emt 0:03:56]} Kg7 {[%emt 0:00:41]} 22. f4 {[%emt 0:07:44]} Nc6 {[%emt 0:05:14]} 23. Kh1 {[%emt 0:08:42]} Rd8 {[%emt 0:02:50]} 24. Nxh7 {[%emt 0:07:40]} Kxh7 {[%emt 0:01:32]} 25. f5 {[%emt 0:00:01]} Qxe5 {[%emt 0:01:00]} 26. Rf4 {[%emt 0:02:18]} Kg8 {[%emt 0:01:13]} 27. Re1 {[%emt 0:01:28]} Qd6 {[%emt 0:00:51]} 28. f6 {[%emt 0:01:03]} Ne5 {[%emt 0:02:14]} 29. Qg5 {[%emt 0:00:52]} Nxd3 {[%emt 0:00:19]} 30. Rh4 {[%emt 0:00:04]} Qf8 {[%emt 0:01:24]} 31. Qg3 {[%emt 0:00:02]} Rc4 {[%emt 0:01:53]} 32. Rh5 {[%emt 0:01:24]} Rg4 {[%emt 0:01:13]} 0-1

[Event "XXXI Torre Memorial 2019"]
[Site "Merida"]
[Date "2019.12.14"]
[Round "2.10"]
[White "Miranda Mesa, Elier"]
[Black "Dieguez Alvarez, Mario Enrique"]
[Result "1-0"]
[WhiteElo "2477"]
[BlackElo "2304"]
[Annotator "ChessBase"]
[PlyCount "47"]
[EventDate "2019.12.13"]
[EventType "swiss"]
[EventCountry "MEX"]
[SourceTitle "playchess.com"]
[Source "ChessBase"]
[SourceQuality "1"]
[TimeControl "5400+30"]

1. e4 {[%emt 0:00:00]} c5 {[%emt 0:09:39]} 2. Nf3 {[%emt 0:00:00]} e6 {[%emt 0:00:10]} 3. d4 {[%emt 0:00:08]} cxd4 {[%emt 0:00:13]} 4. Nxd4 {[%emt 0:00:09]} a6 {[%emt 0:00:15]} 5. Be2 {[%emt 0:05:19]} Nf6 {[%emt 0:02:01]} 6. Nc3 {[%emt 0:00:23]} Qc7 {[%emt 0:01:00]} 7. O-O {[%emt 0:00:23]} d6 {[%emt 0:02:35]} 8. f4 {[%emt 0:02:25]} Be7 {[%emt 0:01:42]} 9. Be3 {[%emt 0:05:14]} O-O {[%emt 0:01:53]} 10. a4 {[%emt 0:04:11]} Nc6 {[%emt 0:03:21]} 11. Kh1 Bd7 {[%emt 0:05:17]} 12. Nb3 {[%emt 0:13:12]} Na5 {[%emt 0:03:20]} 13. e5 {[%emt 0:07:27]} dxe5 {[%emt 0:11:57]} 14. fxe5 {[%emt 0:01:22]} Nd5 {[%emt 0:00:05]} 15. Nxd5 {[%emt 0:03:04]} exd5 {[%emt 0:02:01]} 16. Nxa5 {[%emt 0:00:44]} Qxa5 {[%emt 0:00:08]} 17. Bd3 {[%emt 0:00:51]} Be6 {[%emt 0:04:18]} 18. Qh5 {[%emt 0:10:10]} g6 {[%emt 0:01:33]} 19. Qe2 {[%emt 0:10:31]} Rfe8 {[%emt 0:05:24]} 20. Qf2 {[%emt 0:02:15]} Qc7 {[%emt 0:01:44]} 21. Qg3 {[%emt 0:00:20]} Bf8 {[%emt 0:01:42]} 22. Bg5 {[%emt 0:01:07]} Bg7 {[%emt 0:07:38]} 23. Rae1 {[%emt 0:04:03]} Bd7 {[%emt 0:02:17]} 24. e6 {[%emt 0:02:56]} 1-0

[Event "XXXI Torre Memorial 2019"]
[Site "Merida"]
[Date "2019.12.14"]
[Round "2.11"]
[White "Martin Del Campo C., Roberto"]
[Black "Hevia Alejano, Carlos Antonio"]
[Result "0-1"]
[WhiteElo "2314"]
[BlackElo "2465"]
[Annotator "ChessBase"]
[PlyCount "66"]
[EventDate "2019.12.13"]
[EventType "swiss"]
[EventCountry "MEX"]
[SourceTitle "playchess.com"]
[Source "ChessBase"]
[SourceQuality "1"]
[TimeControl "5400+30"]

1. e4 {[%emt 0:07:49]} c5 {[%emt 0:00:50]} 2. Nf3 {[%emt 0:01:20]} e6 {[%emt 0:00:10]} 3. d4 {[%emt 0:02:01]} cxd4 {[%emt 0:03:32]} 4. Nxd4 {[%emt 0:00:13]} Nf6 {[%emt 0:02:27]} 5. Nc3 {[%emt 0:00:30]} d6 {[%emt 0:00:10]} 6. f4 {[%emt 0:01:00]} a6 {[%emt 0:01:33]} 7. Qf3 {[%emt 0:00:19]} Qc7 {[%emt 0:00:14]} 8. Bd3 {[%emt 0:00:31]} g6 {[%emt 0:13:53]} 9. Be3 {[%emt 0:05:17]} Bg7 {[%emt 0:04:15]} 10. O-O-O {[%emt 0:06:13]} O-O {[%emt 0:02:16]} 11. g4 {[%emt 0:13:54]} b5 {[%emt 0:00:51]} 12. h4 {[%emt 0:02:20]} b4 {[%emt 0:06:58]} 13. Nce2 {[%emt 0:02:29]} Nbd7 {[%emt 0:06:56]} 14. g5 {[%emt 0:04:10]} Nh5 {[%emt 0:00:53]} 15. Ng3 {[%emt 0:00:31]} Nxg3 {[%emt 0:01:08]} 16. Qxg3 {[%emt 0:00:08]} Nc5 {[%emt 0:00:01]} 17. Kb1 {[%emt 0:08:05]} Bb7 {[%emt 0:00:31]} 18. Qg2 {[%emt 0:05:50]} e5 {[%emt 0:10:08]} 19. Ne2 {[%emt 0:09:05]} exf4 {[%emt 0:11:46]} 20. Bxf4 {[%emt 0:05:49]} Rfe8 {[%emt 0:00:12]} 21. Ng3 {[%emt 0:00:33]} Na4 {[%emt 0:00:18]} 22. h5 {[%emt 0:05:14]} Nxb2 {[%emt 0:01:59]} 23. hxg6 {[%emt 0:04:23]} hxg6 {[%emt 0:02:28]} 24. Qh2 {[%emt 0:03:02]} Nxd1 {[%emt 0:03:15]} 25. Nf5 {[%emt 0:00:35]} gxf5 {[%emt 0:00:57]} 26. Bxd6 {[%emt 0:00:48]} Nc3+ {[%emt 0:00:37]} 27. Kc1 {[%emt 0:00:43]} Nxa2+ {[%emt 0:00:42]} 28. Kb1 {[%emt 0:00:16]} Nc3+ {[%emt 0:00:13]} 29. Kc1 {[%emt 0:00:04]} Qxd6 {[%emt 0:00:24]} 30. Qxd6 {[%emt 0:00:05]} b3 {[%emt 0:02:10]} 31. g6 {[%emt 0:04:57]} b2+ {[%emt 0:00:05]} 32. Kd2 {[%emt 0:00:04]} Nxe4+ {[%emt 0:00:41]} 33. Bxe4 {[%emt 0:00:05]} Rad8 {[%emt 0:00:32]} 0-1

[Event "XXXI Torre Memorial 2019"]
[Site "Merida"]
[Date "2019.12.14"]
[Round "2.12"]
[White "Rodriguez Vila, Andres"]
[Black "Amaro Alfonso, Raynner"]
[Result "1/2-1/2"]
[WhiteElo "2463"]
[BlackElo "2296"]
[Annotator "ChessBase"]
[PlyCount "56"]
[EventDate "2019.12.13"]
[EventType "swiss"]
[EventCountry "MEX"]
[SourceTitle "playchess.com"]
[Source "ChessBase"]
[SourceQuality "1"]
[TimeControl "5400+30"]

1. d4 {[%emt 0:00:00]} Nf6 {[%emt 0:00:00]} 2. Nc3 {[%emt 0:00:00]} d5 {[%emt 0:00:00]} 3. Bf4 {[%emt 0:00:00]} e6 {[%emt 0:00:00]} 4. e3 {[%emt 0:00:09]} Bb4 {[%emt 0:02:07]} 5. Nge2 {[%emt 0:01:24]} O-O {[%emt 0:00:21]} 6. a3 {[%emt 0:00:53]} Bd6 {[%emt 0:00:46]} 7. Qd2 {[%emt 0:00:11]} b6 {[%emt 0:01:00]} 8. f3 {[%emt 0:00:40]} Ba6 {[%emt 0:05:03]} 9. O-O-O {[%emt 0:00:34]} c5 {[%emt 0:01:20]} 10. g4 {[%emt 0:01:16]} Nc6 {[%emt 0:01:10]} 11. g5 {[%emt 0:00:07]} Ne8 {[%emt 0:00:23]} 12. h4 {[%emt 0:00:26]} Qe7 {[%emt 0:15:46]} 13. Kb1 {[%emt 0:00:50]} Na5 {[%emt 0:02:42]} 14. Bxd6 {[%emt 0:01:30]} Nxd6 {[%emt 0:01:07]} 15. Nf4 {[%emt 0:00:49]} Bxf1 {[%emt 0:00:50]} 16. Rdxf1 {[%emt 0:00:46]} Nac4 {[%emt 0:00:36]} 17. Qd3 {[%emt 0:01:09]} cxd4 {[%emt 0:00:38]} 18. exd4 {[%emt 0:01:20]} Nxb2 {[%emt 0:15:08]} 19. Kxb2 {[%emt 0:00:26]} Nc4+ {[%emt 0:00:04]} 20. Kb1 {[%emt 0:00:07]} Qxa3 {[%emt 0:00:04]} 21. Nd1 {[%emt 0:00:07]} Qb4+ {[%emt 0:00:09]} 22. Kc1 {[%emt 0:00:44]} Qa4 {[%emt 0:00:14]} 23. Qc3 {[%emt 0:02:35]} Rac8 {[%emt 0:05:42]} 24. Rf2 {[%emt 0:00:28]} Na5 {[%emt 0:01:57]} 25. Qb2 {[%emt 0:01:48]} Nc4 {[%emt 0:01:12]} 26. Qc3 {[%emt 0:00:16]} Na5 {[%emt 0:03:23]} 27. Qb2 {[%emt 0:02:19]} Nc4 {[%emt 0:00:13]} 28. Qc3 {[%emt 0:00:20]} Na5 {[%emt 0:00:06]} 1/2-1/2

[Event "XXXI Torre Memorial 2019"]
[Site "Merida"]
[Date "2019.12.14"]
[Round "2.13"]
[White "Noboa Silva, Kevin"]
[Black "Fernandez De La Vara, Arnaldo"]
[Result "1/2-1/2"]
[WhiteElo "2306"]
[BlackElo "2463"]
[Annotator "ChessBase"]
[PlyCount "64"]
[EventDate "2019.12.13"]
[EventType "swiss"]
[EventCountry "MEX"]
[SourceTitle "playchess.com"]
[Source "ChessBase"]
[SourceQuality "1"]
[TimeControl "5400+30"]

1. d4 {[%emt 0:03:37]} Nf6 {[%emt 0:00:00]} 2. c4 {[%emt 0:00:14]} e6 {[%emt 0:00:17]} 3. Nc3 {[%emt 0:00:25]} Bb4 {[%emt 0:00:08]} 4. e3 {[%emt 0:00:12]} O-O {[%emt 0:01:50]} 5. Nge2 {[%emt 0:00:40]} d5 {[%emt 0:00:29]} 6. a3 {[%emt 0:00:28]} Be7 {[%emt 0:01:50]} 7. Ng3 {[%emt 0:00:41]} Re8 {[%emt 0:00:28]} 8. Qc2 {[%emt 0:01:25]} c6 {[%emt 0:00:23]} 9. Be2 {[%emt 0:00:31]} Nbd7 {[%emt 0:07:46]} 10. O-O {[%emt 0:01:07]} g6 {[%emt 0:04:56]} 11. Rd1 {[%emt 0:09:37]} dxc4 {[%emt 0:09:51]} 12. Bxc4 {[%emt 0:00:53]} b5 {[%emt 0:02:52]} 13. Be2 {[%emt 0:03:38]} Bb7 {[%emt 0:16:54]} 14. e4 {[%emt 0:18:21]} Rc8 {[%emt 0:01:20]} 15. Bg5 {[%emt 0:04:39]} Qb6 {[%emt 0:11:52]} 16. e5 {[%emt 0:09:10]} Nd5 {[%emt 0:00:17]} 17. Bxe7 {[%emt 0:00:50]} Rxe7 {[%emt 0:00:03]} 18. b4 {[%emt 0:09:13]} a5 {[%emt 0:00:47]} 19. Qb2 {[%emt 0:01:10]} axb4 {[%emt 0:00:41]} 20. axb4 {[%emt 0:00:06]} f6 {[%emt 0:02:11]} 21. exf6 {[%emt 0:01:19]} N7xf6 {[%emt 0:02:12]} 22. Nce4 {[%emt 0:01:45]} Rf8 {[%emt 0:05:42]} 23. Nc5 {[%emt 0:01:54]} Nf4 {[%emt 0:03:30]} 24. Re1 {[%emt 0:04:35]} Bc8 {[%emt 0:01:56]} 25. Bf3 {[%emt 0:01:55]} g5 {[%emt 0:02:22]} 26. Nge4 {[%emt 0:02:50]} g4 {[%emt 0:01:51]} 27. Nxf6+ {[%emt 0:02:00]} Rxf6 {[%emt 0:00:02]} 28. Bxg4 {[%emt 0:14:03]} Rg7 {[%emt 0:00:22]} 29. Ra8 {[%emt 0:01:37]} Qd8 {[%emt 0:13:46]} 30. Nxe6 Rxg4 31. Nxd8 Rxg2+ 32. Kh1 Rgg6 1/2-1/2